| 000 | 00000nam 2200000za 4500 |
| 001 | 9.515983 |
| 003 | CaOODSP |
| 005 | 20230316142543 |
| 007 | ta |
| 008 | 150406s2014 nscd b f000 0 eng d |
| 020 | |a978-1-100-25285-8|z978-1-100-25286-5 |
| 040 | |aCaOODSP|beng |
| 041 | |aeng|bfre |
| 043 | |an-cn--- |
| 086 | 1 |aFs97-18/303E|zFs97-18/303E-PDF |
| 100 | 1 |aLi, W. K. W., |eauthor. |
| 245 | 14|aThe state of phytoplankton and bacterioplankton in the Scotian Shelf and Slope : |bAtlantic Zone Monitoring Program 1997-2013 / |cby W.K.W. Li. |
| 260 | |aDartmouth, Nova Scotia : |bFisheries and Oceans Canada, |c2014. |
| 300 | |axx, 140 p. : |bgraphs ; |c28 cm. |
| 490 | 1 |aCanadian technical report of hydrography and ocean sciences, |x0711-6764 ; |v303 |
| 504 | |aIncludes bibliographical references (p. 22-24). |
| 546 | |aText in English, abstract in English and French. |
| 692 | 07|2gccst|aOceans |
| 692 | 07|2gccst|aEnvironmental management |
| 710 | 1 |aCanada. |bDepartment of Fisheries and Oceans, |eissuing body. |
| 776 | 0#|tThe state of phytoplankton and bacterioplankton in the Scotian Shelf and Slope |w(CaOODSP)9.581109 |
| 830 | #0|aCanadian technical report of hydrography and ocean sciences,|x0711-6764 ; |v303.|w(CaOODSP)9.514684 |